Business Communication (Record no. 35806)

MARC details
000 -LEADER
fixed length control field 00473nam a2200193Ia 4500
008 - FIXED-LENGTH DATA ELEMENTS--GENERAL INFORMATION
fixed length control field 220531s9999 xx 000 0 und d
041 ## - LANGUAGE CODE
Language code of text/sound track or separate title eng
082 ## - DEWEY DECIMAL CLASSIFICATION NUMBER
Item number HIR
100 ## - MAIN ENTRY--PERSONAL NAME
Personal name Hiremath, S.
9 (RLIN) 62984
245 ## - TITLE STATEMENT
Title Business Communication
250 ## - EDITION STATEMENT
Edition statement 1ST
260 ## - PUBLICATION, DISTRIBUTION, ETC. (IMPRINT)
Place of publication, distribution, etc. Pune
Name of publisher, distributor, etc. Nirali
Date of publication, distribution, etc. 2014
300 ## - PHYSICAL DESCRIPTION
Extent 8.34
542 ## - INFORMATION RELATING TO COPYRIGHT STATUS
Copyright holder 27-06-2014
551 ## -
-- English
-- Grantable-ENG
650 ## - SUBJECT ADDED ENTRY--TOPICAL TERM
Topical term or geographic name as entry element Busi. Communication
9 (RLIN) 62985
906 ## - LOCAL DATA ELEMENT F, LDF (RLIN)
d 2014-2015
f 437
Holdings
Withdrawn status Lost status Source of classification or shelving scheme Damaged status Not for loan Collection code Home library Current library Date acquired Vendor Cost, normal purchase price Total Checkouts Total Holds Full call number Barcode Date last seen Bill Date Koha item type Original Barcode
Withdrawn   Dewey Decimal Classification       Shri Siddhivinayak Mahila Mahavidyalaya Shri Siddhivinayak Mahila Mahavidyalaya 03/07/2014 Nirali 175.00   10 /HIR/B/16809 SSMM-BK-16809 06/08/2022 06/08/2022 Books 010016809